000 00632nam a22001697a 4500
999 _c11648
_d11648
008 181214b ||||| |||| 00| 0 eng d
082 _22018
_aUT 1108
_bB43
100 _933318
_aBeni, Vanesa B.
245 _aMood classification using haar cascade classifier/
_cVanesa B. Beni, Bradd Fitt F. Lazaga, Victor Glee M. Ombiga
260 _aDigos City:
_bUMDC
_cApril 2018
300 _a70 pages;
_b29 cm.
650 0 _933332
_aTechnical Programs
_vInformation Technology
_xUndergraduate Thesis
700 _933319
_aBeni, Vanesa B.
700 _933320
_aLazaga, Bradd Fitt F.
700 _933321
_aOmbiga, Victor Glee M.
942 _2ddc
_cUT